000 00607nam a2200229Ia 4500
003 OSt
005 20220928113725.0
006 a|||||r|||| 00| 0
007 ta
008 220927b |||||||| |||| 00| 0 eng d
024 _a53965
037 _cTextual
040 _aSDCL
_cSDCL
_beng
041 _2eng
_aeng
082 _aY:5.73, K0
100 _aJones Maldwyn Allen
_9434709
245 0 _aAmerican immigration
260 _aChicago
_bUniversity of Chicago Press
_c1960
300 _avii,358p
_ccm.
942 _hY:5.73, K0
_cTEXL
_2CC
999 _c750996
_d750996